Ľudia sú všade rovnakí. Len Slováci sú iní

Tri významné ciele sporenia: finančná rezerva, rezerva na vážne udalosti a sporenie na dôchodok. Riziko a výnosy pri sporení. Sporenie v podielovom fonde. Investície do vládnych dlhopisov.

Gespeichert in:
Bibliographische Detailangaben
1. Verfasser: Škriniar, Pavel, 1979-
Weitere Verfasser: Baláž, Vladimír
Format: Buchkapitel
Sprache:Slowakisch
Schlagworte:
Tags: Tag hinzufügen
Keine Tags, Fügen Sie das erste Tag hinzu!

MARC

LEADER 00000naa a2200000 4500
001 0165634
005 20240502072903.6
041 0 |a slo 
044 |a SK 
245 1 0 |a Ľudia sú všade rovnakí. Len Slováci sú iní  |c Pavel Škriniar, Vladimír Baláž 
520 |a Tri významné ciele sporenia: finančná rezerva, rezerva na vážne udalosti a sporenie na dôchodok. Riziko a výnosy pri sporení. Sporenie v podielovom fonde. Investície do vládnych dlhopisov. 
610 2 0 |a sporenie obyvateľstva 
610 2 0 |a banky 
610 2 0 |a vklady 
610 2 0 |a sporenie dôchodkové 
610 2 0 |a fondy podielové 
610 2 0 |a investície 
610 2 0 |a financie 
610 2 0 |a dlhopisy 
100 1 |a Škriniar, Pavel, 1979- 
700 1 |a Baláž, Vladimír